000 00432nam a2200145Ia 4500
008 231129s1994||||xx |||||||||||||| ||spa||
020 _a84-7583-749-2
040 _bspa
082 _a658.4012 M118a
100 _aMacbeth Douglas K.
245 0 _aAlianzas con los proveedores: Un enfoque integrado de la cadena de suministro
260 _c1994
264 _aEdiciones Folio
942 _2ddc
_cBKS
999 _c4775
_d4775